000 00286cam a22000857a 4500
008 180718b xxu||||| |||| 00| 0 eng d
082 _aQ58x73 Un3
245 _aFarm people and old-age, survivor, and disability insurance in the United states
260 _aWashington
_bGovernment Printing Office
_c
999 _c495502
_d495502